Clickable Zebra Puzzle (3x5) #6 Quiz Stats

 Plays Quiz not verified by Sporcle

Support Sporcle.
Go Orange.
Score 0/15 Timer 08:00
0 Plays Today
% Correct
???
96.9%
???
91%
???
86.9%
???
86%
???
81.6%
???
81.4%
???
63.7%
???
61.9%
% Correct
???
57.8%
???
57.7%
???
56.6%
???
55.9%
???
55.5%
???
55.3%
???
54.1%

You're not logged in!

Compare scores with friends on all Sporcle quizzes.
OR
Log In

From the Vault

Frequent & Familiar Film Forays

by needapausebutton

If it wasn't for sequels, remakes and re-imaginings we'd have about 4 new movies a year from Hollywood.
Remove Ads.
Support Sporcle.
Get the best of Sporcle when you Go Orange. This ad-free experience offers more features, more stats, and more fun while also helping to support Sporcle. Thank you for becoming a member.

Show Comments

Extras

Top Quizzes Today


Score Distribution

Your Account Isn't Verified!

In order to create a playlist on Sporcle, you need to verify the email address you used during registration. Go to your Sporcle Settings to finish the process.

Report this User

Report this user for behavior that violates our Community Guidelines.

Details: